000
00295nam a22001337a 4500
008
170928b xxu||||| |||| 00| 0 eng d
020
_a
9780312668310
041
_a
eng
080
_a
37
100
_a
47
101
_a
EDU
245
_a
HOW TO WRITE ANYTHING
_c
RUSZKIEWICZ,J,J
942
_2
udc
_c
BK
999
_c
30333
_d
30333